Jednosmerné spojky a vedenia HVDC vo svete
Enregistré dans:
| Auteur principal: | |
|---|---|
| Autres auteurs: | |
| Format: | Manuscrit Livre |
| Langue: | slovaque |
| Publié: |
2016
|
| Sujets: | |
| Accès en ligne: | http://is.stuba.sk/zp/portal_zp.pl?podrobnosti=131300 |
| Tags: |
Pas de tags, Soyez le premier à ajouter un tag!
|
MARC
| LEADER | 00000ntm a22000003a 4500 | ||
|---|---|---|---|
| 001 | stuzp54190 | ||
| 003 | SK-STU | ||
| 005 | 20160719154616.1 | ||
| 007 | ta | ||
| 008 | 150427s2015----xo-----f-mn---000-0-slo-d | ||
| 040 | |a STU |b slo | ||
| 041 | 0 | |a slo | |
| 044 | |a xo | ||
| 100 | 1 | |a Pagáč, Vladimír |u 032000 |k Z4 |4 aut |U FEI Fakulta elektrotechniky a informatiky |T FEI Ústav elektroenergetiky a aplikovanej elektrotechniky |X 9072 |U E020 |Y 548 |7 A000009072 | |
| 242 | 0 | 1 | |a HVDC interconnections and transmission lines in the world |y eng |
| 245 | 1 | 0 | |a Jednosmerné spojky a vedenia HVDC vo svete |
| 260 | |c 2016 | ||
| 300 | |a 98 s., príl. | ||
| 650 | 4 | |a Prenos |2 slo | |
| 650 | 4 | |a Energetika |2 slo | |
| 650 | 4 | |a HVDC |2 slo | |
| 650 | 4 | |a HVDC |2 eng | |
| 650 | 4 | |a Transmission |2 eng | |
| 650 | 4 | |a Energetics |2 eng | |
| 700 | 1 | |a Eleschová, Žaneta |u 032000 |k Z1 |4 ths |U FEI Fakulta elektrotechniky a informatiky |T FEI Ústav elektroenergetiky a aplikovanej elektrotechniky |X 1875 |U E020 |Y 548 |7 A000001875 | |
| 856 | 4 | |u http://is.stuba.sk/zp/portal_zp.pl?podrobnosti=131300 | |
| 996 | |b 284EP11318 |c E*DIPL- 11318 |l EE32 |s P |a 0 |w stuzp54190_0001 | ||
| SQL | |a stuzp54190 |b DDP |c SLO |d Jednosmerné spojky a vedenia HVDC vo svete |e 9072 |f Pagáč, Vladimír |g 032000 |h 1875 |i Eleschová, Žaneta |j 20160615 |k 1171 |l 03 |m http://is.stuba.sk/zp/portal_zp.pl?podrobnosti=131300 |n I-ENE |o 5.2.9. elektrotechnika | ||